000
00282nam a22000977a 4500
999
_c
515688
_d
515688
082
_a
TNC B73x5453 N144
100
_a
Nair, K. Sukumaran
_9
21414
245
_a
Rural politics and government in Kerala
_c
by K. Sukumaran Nair
260
_a
Trivandrum
_b
Kerala academy
_c
1976
300
_a
304p.